[Event "Europe Echecs online op April"]
[Site "Europe Echecs INT"]
[Date "2020.04.11"]
[Round "5"]
[White "Lecoq, Julien"]
[Black "Godart, Francois"]
[Result "0-1"]
[WhiteElo "2059"]
[BlackElo "2446"]
[PlyCount "56"]
[EventDate "2020.04.11"]
[EventType "swiss (blitz)"]
[EventRounds "11"]
[EventCountry "FRA"]
[SourceTitle "EXT 2021"]
[Source "ChessBase"]
[SourceDate "2020.10.23"]
[SourceVersion "1"]
[SourceVersionDate "2020.10.23"]
[SourceQuality "1"]

1. e4 e6 2. d4 d5 3. Nc3 Nf6 4. e5 Nfd7 5. f4 c5 6. Nf3 Nc6 7. Be3 a6 8. Qd2 b5 9. dxc5 Bxc5 10. Bd3 Qb6 11. Bxc5 Nxc5 12. 0-0-0 b4 13. Ne2 a5 14. Kb1 a4 15. Ned4 Na5 16. f5 b3 17. a3 bxc2+ 18. Bxc2 Nc4 19. Qc3 Rb8 20. fxe6 fxe6 21. Ng5 Nxb2 22. Ka1 Nxd1 23. Rxd1 Nb3+ 24. Ka2 Bd7 25. Qh3 Nxd4 26. Qh5+ Kd8 27. Nf7+ Kc7 28. Rb1 Nb3 0-1

[Event "Europe Echecs online op April"]
[Site "Europe Echecs INT"]
[Date "2020.04.11"]
[Round "6"]
[White "Lecoq, Julien"]
[Black "Villegas, Pierre"]
[Result "0-1"]
[WhiteElo "2036"]
[BlackElo "2353"]
[PlyCount "72"]
[EventDate "2020.04.11"]
[EventType "swiss (blitz)"]
[EventRounds "11"]
[EventCountry "FRA"]
[SourceTitle "EXT 2021"]
[Source "ChessBase"]
[SourceDate "2020.10.23"]
[SourceVersion "1"]
[SourceVersionDate "2020.10.23"]
[SourceQuality "1"]

1. e4 c6 2. d4 d5 3. exd5 cxd5 4. Bd3 Nc6 5. c3 Qc7 6. Nf3 Bg4 7. h3 Bh5 8. Bg5 e6 9. Nbd2 Bd6 10. Qc2 Nge7 11. g4 Bg6 12. 0-0-0 Rc8 13. Kb1 0-0 14. h4 Nb4 15. cxb4 Qxc2+ 16. Bxc2 Bxc2+ 17. Ka1 Bxd1 18. Rxd1 Bxb4 19. a3 Bd6 20. b3 Rc2 21. Kb1 Rc3 22. Kb2 Rc7 23. h5 Rfc8 24. Ne1 f6 25. Be3 Kf7 26. f4 Rc3 27. Nf1 b5 28. Bd2 Rh3 29. Ng2 e5 30. dxe5 fxe5 31. f5 e4 32. Nfe3 Be5+ 33. Kb1 d4 34. Nc2 Rxb3+ 35. Ka2 Rg3 36. g5 Rxg2 0-1

[Event "Europe Echecs online op April"]
[Site "Europe Echecs INT"]
[Date "2020.04.11"]
[Round "2"]
[White "Shoker, Samy"]
[Black "Lecoq, Julien"]
[Result "1-0"]
[WhiteElo "2529"]
[BlackElo "2059"]
[PlyCount "51"]
[EventDate "2020.04.11"]
[EventType "swiss (blitz)"]
[EventRounds "11"]
[EventCountry "FRA"]
[SourceTitle "EXT 2021"]
[Source "ChessBase"]
[SourceDate "2020.10.23"]
[SourceVersion "1"]
[SourceVersionDate "2020.10.23"]
[SourceQuality "1"]

1. Nf3 c5 2. g3 Nc6 3. Bg2 g6 4. 0-0 Bg7 5. d3 Nf6 6. c3 d5 7. a3 0-0 8. b4 b6 9. Nbd2 Bb7 10. Rb1 Qc7 11. Nb3 cxb4 12. cxb4 e5 13. Bb2 Rfe8 14. Rc1 Qd6 15. b5 Na5 16. Nxa5 bxa5 17. Qa4 e4 18. dxe4 dxe4 19. Rfd1 Qe7 20. Ne5 Red8 21. Nc6 Bxc6 22. bxc6 e3 23. f4 Rxd1+ 24. Rxd1 Rd8 25. Be5 Ng4 26. c7 1-0

[Event "Naujac op"]
[Site "Naujac"]
[Date "2009.07.??"]
[Round "2"]
[White "Van Delft, Merijn"]
[Black "Lecoq, Julien"]
[Result "1-0"]
[WhiteElo "2381"]
[BlackElo "2126"]
[PlyCount "63"]
[EventDate "2009.07.??"]
[EventType "swiss"]
[EventRounds "9"]
[EventCountry "FRA"]
[SourceTitle "CBM 131 Extra"]
[Source "ChessBase"]
[SourceDate "2009.09.03"]
[SourceVersion "2"]
[SourceVersionDate "2009.09.16"]
[SourceQuality "1"]

1. e4 c5 2. Nf3 Nc6 3. Bb5 g6 4. Bxc6 dxc6 5. d3 Bg7 6. h3 e5 7. Be3 b6 8. Nc3 Nf6 9. Qd2 Nd7 10. Bh6 0-0 11. h4 f6 12. Bxg7 Kxg7 13. 0-0-0 Re8 14. Nh2 Nf8 15. g3 Be6 16. f4 Qd6 17. h5 gxh5 18. f5 Bf7 19. g4 h6 20. Nf1 Nh7 21. Ng3 Ng5 22. Qh2 Rg8 23. Nxh5+ Bxh5 24. Qxh5 Nf7 25. Ne2 Kf8 26. c3 Ke7 27. Qh3 b5 28. Kb1 a5 29. d4 Rgd8 30. Qe3 Rab8 31. dxe5 Qxe5 32. Nf4 1-0

[Event "Mont de Marsan op"]
[Site "Mont de Marsan"]
[Date "2008.12.27"]
[Round "4"]
[White "Velten, Paul"]
[Black "Lecoq, Julien"]
[Result "0-1"]
[WhiteElo "2105"]
[BlackElo "2130"]
[PlyCount "24"]
[EventDate "2008.10.27"]
[EventType "swiss"]
[EventRounds "7"]
[EventCountry "FRA"]
[SourceTitle "EXT 2010"]
[Source "ChessBase"]
[SourceDate "2010.11.25"]
[SourceVersion "1"]
[SourceVersionDate "2010.11.25"]
[SourceQuality "1"]

1. d4 d5 2. Nf3 Nf6 3. Bg5 Ne4 4. Bh4 c6 5. Nbd2 Nxd2 6. Qxd2 Qb6 7. Rb1 Bf5 8. e3 e5 9. b4 a5 10. a3 axb4 11. axb4 Ra2 12. dxe5 Bxc2 0-1

[Event "FRA-ch Accession"]
[Site "Pau"]
[Date "2008.08.12"]
[Round "1"]
[White "Lecoq, Julien"]
[Black "Demuth, Adrien"]
[Result "0-1"]
[WhiteElo "2160"]
[BlackElo "2315"]
[PlyCount "90"]
[EventDate "2008.08.11"]
[EventType "swiss"]
[EventRounds "9"]
[EventCountry "FRA"]
[SourceTitle "CBM 126 Extra"]
[Source "ChessBase"]
[SourceDate "2008.11.05"]
[SourceVersion "1"]
[SourceVersionDate "2008.11.05"]
[SourceQuality "1"]

1. e4 c5 2. Nf3 Nc6 3. d4 cxd4 4. Nxd4 Nf6 5. Nc3 d6 6. Be3 Ng4 7. Nxc6 bxc6 8. Bc1 Qb6 9. Qf3 g6 10. h3 Ne5 11. Qe3 Rb8 12. Qxb6 Rxb6 13. f4 Nd7 14. Bc4 Bg7 15. 0-0 Rb4 16. Bd3 Nc5 17. Rf3 f5 18. exf5 Nxd3 19. Rxd3 Bxf5 20. Rd2 h5 21. Re2 Kd7 22. Nd1 Rhb8 23. c3 Ra4 24. Nf2 Be6 25. a3 Bd5 26. Be3 Bh6 27. g3 h4 28. Ng4 Bf3 29. Rd2 Bxg4 30. hxg4 hxg3 31. g5 Bg7 32. Kg2 e5 33. Kxg3 Rf8 34. Rf1 Ke6 35. Rdf2 Re4 36. Bc1 Rf5 37. fxe5 Bxe5+ 38. Kh3 Rxf2 39. Rxf2 Re1 40. Bd2 Rg1 41. Rf3 Rh1+ 42. Kg4 Rh2 43. Rd3 Rg2+ 44. Kh3 Rf2 45. b4 Kf5 0-1

[Event "FRA-ch op-A"]
[Site "Aix les Bains"]
[Date "2007.08.22"]
[Round "9"]
[White "Lecoq, Julien"]
[Black "Perruchaud, Francois"]
[Result "1/2-1/2"]
[WhiteElo "2106"]
[BlackElo "2097"]
[PlyCount "158"]
[EventDate "2007.08.13"]
[EventType "swiss"]
[EventRounds "11"]
[EventCountry "FRA"]
[SourceTitle "CBM 120 Extra"]
[Source "ChessBase"]
[SourceDate "2007.11.01"]
[SourceVersion "1"]
[SourceVersionDate "2007.11.01"]
[SourceQuality "1"]

1. e4 d5 2. exd5 Nf6 3. d4 Nxd5 4. Nf3 g6 5. c4 Nb6 6. Nc3 Bg7 7. c5 Nd5 8. Bc4 c6 9. Qb3 0-0 10. 0-0 Nxc3 11. bxc3 b5 12. cxb6 axb6 13. Bf4 b5 14. Bd3 Be6 15. Qc2 Ra4 16. Rfe1 Bd5 17. Nd2 Qa5 18. Rxe7 c5 19. Bc7 Qa6 20. dxc5 Nc6 21. Ree1 Ra8 22. Be4 Bxa2 23. Bf3 b4 24. Ne4 bxc3 25. Nxc3 Nd4 26. Qxa4 Nxf3+ 27. gxf3 Qxa4 28. Nxa4 Bxa1 29. Nb6 Bc3 30. Re3 Ra7 31. Rxc3 Rxc7 32. Kf1 Kf8 33. Ke2 Ke7 34. Ke3 Rc6 35. Kd4 Be6 36. Nd5+ Ke8 37. Nf6+ Ke7 38. Nd5+ Kf8 39. Ra3 Rc8 40. Nb6 Rc6 41. Ra7 h5 42. Nd7+ Ke8 43. Ne5 Rc8 44. Ra6 Ke7 45. Ra7+ Ke8 46. Nc4 Kf8 47. Nd6 Rc6 48. Nc4 Rc8 49. Na5 Rd8+ 50. Ke3 Rc8 51. Kd4 Rd8+ 52. Kc3 Rc8 53. Kb4 Rb8+ 54. Rb7 Rxb7+ 55. Nxb7 Bd5 56. Nd6 Bxf3 57. Kb5 Ke7 58. Nc8+ Kd7 59. Nd6 Bd5 60. f4 h4 61. Kb6 f6 62. Nb5 g5 63. fxg5 fxg5 64. Nd4 g4 65. Nf5 h3 66. Ng3 Ke6 67. c6 Ke5 68. c7 Be6 69. Kc5 Kf4 70. Kd4 Kf3 71. Kd3 Kg2 72. Ke3 Bc8 73. Ke2 Bb7 74. Ke1 Ba6 75. Nf1 Kg1 76. Ng3 Bb7 77. Nf1 Bc8 78. Ng3 Kxh2 79. Kf2 Ba6 1/2-1/2

[Event "FRA-chT2 South 0607"]
[Site "France"]
[Date "2007.04.01"]
[Round "11.5"]
[White "Lecoq, Julien"]
[Black "Bes, Stephane"]
[Result "1/2-1/2"]
[WhiteElo "2094"]
[BlackElo "2151"]
[PlyCount "86"]
[EventDate "2006.10.15"]
[EventType "team"]
[EventRounds "11"]
[EventCountry "FRA"]
[SourceTitle "EXT 2008"]
[Source "ChessBase"]
[SourceDate "2007.11.25"]
[SourceVersion "1"]
[SourceVersionDate "2007.11.25"]
[SourceQuality "1"]
[WhiteTeam "Pau Henri IV"]
[BlackTeam "Nice"]
[WhiteTeamCountry "FRA"]
[BlackTeamCountry "FRA"]

1. e4 e6 2. d4 d5 3. Nc3 Bb4 4. e5 c5 5. a3 Bxc3+ 6. bxc3 Ne7 7. Qg4 Qc7 8. Qxg7 Rg8 9. Qxh7 cxd4 10. Ne2 Nbc6 11. f4 Bd7 12. Qd3 dxc3 13. Nxc3 a6 14. Rb1 Rc8 15. Bd2 Na5 16. h4 Nc4 17. a4 Nf5 18. Rh3 Bc6 19. h5 Nxd2 20. Kxd2 d4 21. Ne4 Qa5+ 22. Ke2 Bxe4 23. Qxe4 Ng3+ 24. Rxg3 Rxg3 25. Kf2 Qc3 26. Bd3 Re3 27. Qxb7 Rxd3 28. cxd3 Qd2+ 29. Kg3 Qxd3+ 30. Kh2 Rd8 31. Qc6+ Kf8 32. Qc7 Qxb1 33. Qxd8+ Kg7 34. Qxd4 Qf5 35. Kg3 Qxh5 36. Qd3 a5 37. Qf3 Qh1 38. Qc3 Qg1 39. Qxa5 Qe3+ 40. Kg4 Qe2+ 41. Kh3 Qh5+ 42. Kg3 Qg6+ 43. Kf2 Qc2+ 1/2-1/2

[Event "FRA-chT2 South 0607"]
[Site "France"]
[Date "2007.03.17"]
[Round "8.4"]
[White "Lecoq, Julien"]
[Black "Bonnet, Philippe"]
[Result "1-0"]
[WhiteElo "2094"]
[BlackElo "2037"]
[PlyCount "73"]
[EventDate "2006.10.15"]
[EventType "team"]
[EventRounds "11"]
[EventCountry "FRA"]
[SourceTitle "EXT 2008"]
[Source "ChessBase"]
[SourceDate "2007.11.25"]
[SourceVersion "1"]
[SourceVersionDate "2007.11.25"]
[SourceQuality "1"]
[WhiteTeam "Pau Henri IV"]
[BlackTeam "Ales ASPTT"]
[WhiteTeamCountry "FRA"]
[BlackTeamCountry "FRA"]

1. e4 e6 2. d4 d5 3. Nc3 dxe4 4. Nxe4 Nd7 5. Nf3 Ngf6 6. Bd3 Be7 7. 0-0 0-0 8. Re1 b6 9. c3 Bb7 10. Neg5 c5 11. Ne5 cxd4 12. cxd4 h6 13. Ngf3 Rc8 14. Qe2 Nxe5 15. dxe5 Nd7 16. Rd1 Bd5 17. Be3 Qc7 18. Bd4 Qb7 19. Ba6 Qc6 20. Bxc8 Rxc8 21. Qe3 Nc5 22. b4 Ne4 23. Rac1 Qb7 24. Rxc8+ Qxc8 25. Rc1 Qa6 26. a3 Qa4 27. h3 a5 28. Rc8+ Kh7 29. Bxb6 axb4 30. axb4 Qxb4 31. Bd4 Qb7 32. Rc1 Ng5 33. Nxg5+ Bxg5 34. f4 Bh4 35. Qd2 g5 36. g3 Bxg3 37. Qd3+ 1-0

[Event "Bethune op 27th"]
[Site "Bethune"]
[Date "2006.12.29"]
[Round "7"]
[White "Lecoq, Julien"]
[Black "Kjartansson, Gudmundur"]
[Result "1/2-1/2"]
[WhiteElo "2087"]
[BlackElo "2246"]
[PlyCount "85"]
[EventDate "2006.12.26"]
[EventType "swiss"]
[EventRounds "9"]
[EventCountry "FRA"]
[SourceTitle "CBM 116 Extra"]
[Source "ChessBase"]
[SourceDate "2007.03.07"]
[SourceVersion "1"]
[SourceVersionDate "2007.03.07"]
[SourceQuality "1"]

1. e4 e5 2. Nf3 Nc6 3. Bb5 a6 4. Ba4 Nf6 5. 0-0 Be7 6. Re1 b5 7. Bb3 d6 8. c3 0-0 9. h3 Na5 10. Bc2 c5 11. d4 Nd7 12. Nbd2 exd4 13. cxd4 Nc6 14. d5 Nb4 15. Bb1 a5 16. Nf1 Bf6 17. Ne3 g6 18. Ng4 Bg7 19. a3 Na6 20. Bh6 Bxb2 21. Bxf8 Qxf8 22. Ra2 Bc3 23. Re3 Bg7 24. Ree2 c4 25. Ne3 c3 26. Nd4 Rb8 27. Nc6 Rb6 28. Nxa5 Ndc5 29. Bc2 b4 30. axb4 Nxb4 31. Nac4 Ba6 32. Re1 Rb8 33. Ra3 Nxc2 34. Qxc2 Rb4 35. Rxc3 Bxc3 36. Qxc3 Ra4 37. e5 dxe5 38. Nxe5 h5 39. Rd1 Qd6 40. N3c4 Bxc4 41. Nxc4 Qf4 42. Ne3 Qxf2+ 43. Kxf2 1/2-1/2

[Event "Bethune op 27th"]
[Site "Bethune"]
[Date "2006.12.29"]
[Round "9"]
[White "Lecoq, Julien"]
[Black "Swinkels, Robin"]
[Result "0-1"]
[WhiteElo "2087"]
[BlackElo "2379"]
[PlyCount "120"]
[EventDate "2006.12.26"]
[EventType "swiss"]
[EventRounds "9"]
[EventCountry "FRA"]
[SourceTitle "CBM 116 Extra"]
[Source "ChessBase"]
[SourceDate "2007.03.07"]
[SourceVersion "1"]
[SourceVersionDate "2007.03.07"]
[SourceQuality "1"]

1. e4 e5 2. Nf3 Nc6 3. Bb5 a6 4. Ba4 Nf6 5. 0-0 b5 6. Bb3 Bb7 7. d3 Bd6 8. a3 0-0 9. Nc3 h6 10. Ne2 Re8 11. Ng3 Bf8 12. Nf5 d5 13. exd5 Na5 14. Ba2 Bxd5 15. Bxd5 Qxd5 16. Bd2 Nc6 17. Bc3 Rad8 18. Ng3 g6 19. Re1 Bg7 20. Qd2 Rb8 21. Rad1 Nd7 22. Re2 f5 23. Rde1 Re7 24. h4 Qf7 25. Qc1 Rbe8 26. Qa1 Nb6 27. b3 Qf6 28. Bb2 Nd5 29. Rd2 Qf7 30. Rdd1 Nf4 31. Qc1 Nd5 32. Qa1 Kh8 33. Qc1 Kh7 34. c4 bxc4 35. dxc4 Nf4 36. Ba1 a5 37. Qe3 Ne6 38. Qc1 Ncd4 39. Bxd4 Nxd4 40. Nxd4 exd4 41. Rxe7 Rxe7 42. b4 axb4 43. axb4 f4 44. Nf1 f3 45. g3 Qf5 46. Nh2 Re2 47. Qb1 Qc2 48. Nxf3 d3 49. Ne1 Qxc4 50. Nxd3 Bd4 51. h5 Qc6 52. Rc1 Qf3 53. Rxc7+ Kh8 54. Rc8+ Kg7 55. Rc7+ Kh8 56. Rc8+ Kg7 57. Rc7+ Kf8 58. Rc8+ Ke7 59. Kh2 Bxf2 60. Rc7+ Kd8 0-1

[Event "Mont de Marsan op"]
[Site "Mont de Marsan"]
[Date "2005.12.27"]
[Round "4"]
[White "Louis, Thibault"]
[Black "Lecoq, Julien"]
[Result "0-1"]
[WhiteElo "1720"]
[BlackElo "2074"]
[PlyCount "56"]
[EventDate "2005.12.26"]
[EventType "swiss"]
[EventRounds "7"]
[EventCountry "FRA"]
[SourceTitle "CBM 110 Extra"]
[Source "ChessBase"]
[SourceDate "2006.03.10"]
[SourceVersion "2"]
[SourceVersionDate "2006.03.10"]
[SourceQuality "1"]

1. e4 c5 2. Nf3 Nc6 3. d4 cxd4 4. Nxd4 g6 5. Nc3 Bg7 6. Be3 Nf6 7. f3 0-0 8. Qd2 d5 9. exd5 Nxd5 10. Nxc6 bxc6 11. 0-0-0 Rb8 12. Bd4 e5 13. Bc5 Be6 14. Bxf8 Qxf8 15. Nxd5 Bxd5 16. c4 Bh6 17. cxd5 Qb4 18. Kc2 Qxb2+ 19. Kd3 Bxd2 20. Rxd2 Qb1+ 21. Ke2 cxd5 22. Rxd5 Rb2+ 23. Rd2 Rxd2+ 24. Kxd2 Qxa2+ 25. Ke3 Qa1 26. g3 Qd4+ 27. Ke2 e4 28. Bg2 Qd3+ 0-1

[Event "Syre Memorial op 28th"]
[Site "Issy les Moulineaux"]
[Date "2005.05.05"]
[Round "1"]
[White "Lecoq, Julien"]
[Black "El Farihi, Mohsine"]
[Result "0-1"]
[WhiteElo "2057"]
[BlackElo "2230"]
[PlyCount "132"]
[EventDate "2005.05.05"]
[EventType "swiss"]
[EventRounds "6"]
[EventCountry "FRA"]
[SourceTitle "EXT 2007"]
[Source "ChessBase"]
[SourceDate "2006.11.23"]
[SourceVersion "1"]
[SourceVersionDate "2006.11.23"]
[SourceQuality "1"]

1. e4 e5 2. Nf3 Nf6 3. Nxe5 Qe7 4. Nf3 Nxe4 5. Be2 d5 6. 0-0 Be6 7. d3 Nf6 8. d4 Nc6 9. Re1 0-0-0 10. c3 Qd6 11. b4 Ne7 12. a4 Ng6 13. b5 Ne4 14. a5 Nf4 15. Ne5 Nxe2+ 16. Qxe2 Re8 17. a6 b6 18. Nc6 Bd7 19. Nxa7+ Kb8 20. Nc6+ Bxc6 21. a7+ Ka8 22. bxc6 Qxc6 23. Bf4 Bd6 24. Bxd6 Nxd6 25. Qd1 Rxe1+ 26. Qxe1 Re8 27. Qd1 Nb5 28. Na3 Nxc3 29. Qf3 Ne2+ 30. Kf1 Nxd4 31. Qxf7 Nb3 32. Rd1 Nd2+ 33. Kg1 Qe6 34. Qxe6 Rxe6 35. f3 c6 36. Rxd2 Kxa7 37. Kf2 b5 38. Nxb5+ cxb5 39. Rxd5 Rb6 40. Ke2 Ka6 41. Kd2 Ka5 42. Kc2 Re6 43. Rd2 Ka4 44. Kb2 Re3 45. f4 Kb4 46. f5 h5 47. h3 Kc4 48. Rf2 Kd3 49. Kb3 Rg3 50. Kb4 Rg5 51. g4 hxg4 52. hxg4 Rxg4+ 53. Kxb5 Ke3 54. Rf1 Rf4 55. Re1+ Kd4 56. Kc6 Rxf5 57. Kd6 g5 58. Ke6 Rf4 59. Rd1+ Ke3 60. Ke5 Ra4 61. Kf5 g4 62. Rg1 Kf3 63. Rf1+ Kg2 64. Rb1 g3 65. Rb2+ Kh3 66. Rb1 Kh2 0-1

[Event "FRA-ch op-A"]
[Site "Aix les Bains"]
[Date "2003.08.23"]
[Round "5"]
[White "Lecoq, Julien"]
[Black "Delorme, Axel"]
[Result "1-0"]
[WhiteElo "2095"]
[BlackElo "2053"]
[PlyCount "67"]
[EventDate "2003.08.19"]
[EventType "swiss"]
[EventRounds "11"]
[EventCountry "FRA"]
[SourceTitle "EXT 2004"]
[Source "ChessBase"]
[SourceDate "2003.11.25"]
[SourceVersion "1"]
[SourceVersionDate "2003.11.25"]
[SourceQuality "1"]

1. e4 c5 2. Nf3 d6 3. d4 cxd4 4. Nxd4 Nf6 5. Nc3 a6 6. Be2 e5 7. Nb3 Be7 8. 0-0 0-0 9. a4 b6 10. Be3 Bb7 11. f3 Nbd7 12. Qd2 Qc7 13. Rfd1 Rfd8 14. Qe1 Nc5 15. Nxc5 dxc5 16. Qf1 Rxd1 17. Rxd1 c4 18. Bxc4 Bc5 19. Bxc5 Qxc5+ 20. Kh1 Qb4 21. Bb3 Rc8 22. Qd3 Bc6 23. Qxa6 Ra8 24. Qxa8+ Bxa8 25. Rd8+ Qf8 26. Rxf8+ Kxf8 27. Nd5 Bxd5 28. Bxd5 Ke7 29. Kg1 Nd7 30. b4 f6 31. Kf2 Kd6 32. Ke3 Nb8 33. Kd3 f5 34. Kc4 1-0